LEADER 01072nam a2200241 i 4500 001 000000228811 003 CaOOAMICUS 005 20140411000000.0 008 140411s1968 ne u000 u ger u 013 $a207713 040 $aSeMil$bita 100 1 $aSchreckenberg, Heinz <1928->.$0(OLS)http://semarc/name/4516 245 10$aBibliographie zu Flavius Josephus /$cvon Heinz Schreckenberg. 260 $aLeiden :$bE. J. Brill,$c1968. 300 $aXVII, 336 p. ;$c25 cm. 490 0 $aArbeiten zur Literatur und Geschichte des hellenistischen Judentums ;$v1. 650 4$aGiuseppe, Flavio - Bibliografia.$0(OLS)http://semarc/subject/41304 830 0$aArbeiten zur Literatur und Geschichte des hellenistischen Judentums ;$v1.$0(OLS)http://semarc/title/409194 850 $aSeMil 852 $aSeMil$W1$xVenegono$y1$m2U IV 53$j179157$B179157$CSeMilBibl$Z2$F190254 $81 961 $aRecupero: Altro 996 $6245$aBibliographie zu Flavius Josephus$9(OLS)http://semarc/title/327508 996 $6260$aLeiden :$bE. J. Brill$9(OLS)http://semarc/publisher/30490 LEADER 00904nam a2200229 i 4500 001 000000060936 003 CaOOAMICUS 005 20140806000000.0 008 140806s1960 xx u000 u ger u 013 $a32108 040 $aSeMil$bita 100 1 $aWingren, Gustaf.$0(OLS)http://semarc/name/30969 245 10$aSchöpfung und Gesetz /$cGustaf Wingren. 260 $aIn Göttingen :$bVandenhoeck & Ruprecht,$c1960. 300 $a198 p. ;$c24 cm. 490 0 $aTheologie der Ökumene ;$v9 650 4$aCreazione - Teologia.$0(OLS)http://semarc/subject/2265 830 0$aTheologie der Ökumene ;$v9.$0(OLS)http://semarc/title/29577 850 $aSeMil 852 $aSeMil$W1$xVenegono$y1$m2K V 107$j27089$B27089$CSeMilBibl$Z2$F27092 $81 996 $6245$aSchöpfung und Gesetz$9(OLS)http://semarc/title/95616 996 $6260$aIn Göttingen :$bVandenhoeck & Ruprecht$9(OLS)http://semarc/publisher/29771